000 00604nam a22001932 4500
001 0000012910
005 20151217155854.0
008 090331s xx 000 0 eng d
040 _aKABU
_cKABU
245 1 4 _aThe African Communication Infrastructure & Service Report 2002/03 /
_cedited by Paul Hamilton.
250 _a1st ed.
260 _aCambridgeshire, UK. :
_bAITEC,
_c2002.
300 _a143 p.
650 0 _aInternet.
_@0000000969
700 1 _aHamilton, Paul.
_@0000169910
852 1 _9p100 KES
908 _a090331
950 _@1
999 _c13552
_d13552